000 01608nam a2200445 i 4500
001 21755
003 KOSZ 005
005 20200727091630.0
008 990506s1982 pl a f |001 0 pol
015 _aPB 1983/317
020 _a8301040114
035 _a(OCoLC)749379085
040 _aWA N
_cWA N
_dKOSZ 005/HR
041 0 _apol
_heng
080 _a637.1/.3
080 _a636.2
100 1 _aCampbell, John R.
_d(1933- ).
_eAutor
245 1 0 _aPodstawy produkcji mleka spożywczego i jego przetworów /
_cJohn R. Campbell, Robert T. Marshall ; red. nauk. wyd pol. Tadeusz Czaplak; [tł. z ang. Maria A. Jurewicz et al.].
246 1 _iTyt. oryg.:
_aScience of providing milk for man.
260 _aWarszawa :
_bPaństwowe Wydawnictwo Naukowe,
_c1982.
300 _a849, [2] s. :
_bfot., rys., wykr. ;
_c24 cm.
336 _2rdacontent
_aTekst
_btxt
337 _2rdamedia
_aBez urządzenia pośredniczącego
_bn
338 _2rdacarrier
_aWolumin
_bnc
380 _aKsiążki.
380 _aPublikacje fachowe
388 _a1901-2000
388 _a1945-1989
500 _aTyt. oryg.: "The science of providing milk for man" 1975.
504 _aIndeks.
650 4 _aMleczarstwo
650 4 _aMleko
650 4 _aProdukty mleczne
658 _aRolnictwo i leśnictwo
700 1 _aMarshall, Robert T.
_eAutor
700 1 _aJurewicz-Poczynajło, Maria.
_eRedakcja
700 1 _aCzaplak, Tadeusz
_eRedakcja
856 _uhttp://koha.tu.koszalin.pl/cgi-bin/koha/opac-detail.pl?biblionumber=21755
_yKatalog online BPK
942 _2UKD
_cKS
999 _c21755
_d21755